000 00512nam a22001697a 4500
999 _c9092
_d9092
008 210323b ||||| |||| 00| 0 eng d
040 _aBMS College of Architecture
100 _aA, Kusum
245 _aBodhana residential school Mysore
300 _a76p.
500 _a1BM06AT017
502 _8B.Arch
_NBMS College of Architecture, Visvesvaraya Technological University
_aProject report
_d2011
650 _aMysore
700 _aSindhu Srikanth
_eGuide
700 _aK R Madhu Chand
_eGuide
942 _2ddc
_cTHE